Statistiques concernant Paroles - Max Boublil - Chatroulette

Cliquez ici pour prendre le quiz!

Statistiques générales

  • Ce quiz a été pris 62 fois
  • Le résultat moyen est 199 sur 262

Statistiques - réponses

Paroles% Correct
Chatroulette
98%
J'ai
98%
j'ai
98%
sur
98%
ta
98%
mère
96%
vu
96%
La
92%
la
92%
92%
le
92%
ma
90%
m'a
90%
A
87%
tu
87%
Tu
87%
de
85%
Je
85%
je
85%
sa
85%
pas
83%
Mais
81%
tête
79%
et
77%
Et
77%
net
77%
que
75%
Que
75%
ce
73%
ça
71%
en
71%
les
71%
71%
Ou
71%
trouvé
69%
un
69%
vie
69%
j'étais
67%
ces
65%
des
65%
femme
65%
bête
63%
flashé
63%
next
63%
papa
63%
passé
63%
vas
63%
appuyé
62%
internet
62%
bien
60%
Entre
60%
m'appeler
60%
T'es
60%
trouver
60%
deux
58%
qui
58%
sais
58%
une
58%
chercher
56%
mois
56%
pourras
56%
celle
54%
fait
54%
fête
54%
mon
54%
t'as
54%
tout
54%
derniers
52%
est
52%
Puis
52%
quéquettes
52%
si
52%
tourner
52%
content
50%
Donc
50%
J'veux
50%
suite
50%
t'écoutes
50%
compris
48%
gâcher
48%
J'irai
48%
n'est
48%
neuf
48%
quelqu'un
48%
Bientôt
46%
tant
46%
t'assoies
46%
t'en
46%
vue
46%
j'aimerais
44%
parle
44%
père
44%
prenait
44%
qu'ami
44%
soeur
44%
tournant
44%
air
40%
comme
40%
déplaisant
40%
dois
40%
famille
40%
l'ai
40%
petit
40%
reconnaitre
40%
vais
38%
dit
37%
mères
37%
fille
35%
l'aimer
35%
toutes
35%
étaient
33%
princesses
33%
reine,
33%
tienne
33%
m'avais
31%

Distribution des résultats

Percentile par nombre de réponses

% des personnes avec chaque résultat

Votre développement - résultats

Vous n’avez pas pris ce quiz